01266cam a22003017a 4500003000500000005001700005008004100022010001000063011001000073020001500083035001000098040000900108082001600117100003800133245017200171260014900343300003300492410001900525490007300544650005100617650004000668650004000708650004100748650004300789700004000832810001900872830007300891CHAP20250613132711.0980923d1996 mx r 00110 spa d a76195 a77167 a9688843245 a86770 cCHAP04a634.774bS310aSánchez Peña, José Víctor13aEl sistema-producto piña en México :bsituación, tendencias, problemática y alternativasc/por J. Víctor Sánchez Peña y Felipe de Jesús Caraveo López aChapingo, Méx. :bUACH. Centro de Investigaciones Económicas, Sociales y Tecnológicas de la Agroindustria y la Agricultura Mundial,c1996. a107 p. :bgráfs. ; cuadros21aUACH. CIESTAAM 0aColección estructura y dinámica de los sistemas agroindustriales17aPiña (Ananas comosus)xIndustriaxMéxico217aPiña (Ananas comosus)xMercadeo217aPiña (Ananas comosus)xMéxico217aPiña (Ananas comosus)xProcesado217aPiña (Ananas comosus)xRendimiento20 aCaraveo López, Felipe de Jesús.01aUACh. CIESTAAM0 aColección estructura y dinámica de los sistemas agroindustriales